000 00521nam a2200205Ia 4500
005 20240823024404.0
008 240823s9999||||xx |||||||||||||| ||und||
020 _a81-203-2259-2
041 _aENGLISH
082 _A658.802 P8
100 _a"Anderson,Alan R"
245 0 _aStrategic Marketing for Nonprofit Organizations
250 _a7th
260 _c2009
_b"PHI,New "
_aNew Delhi
500 _aYES
650 _aMarketing
_bManagement Studies
700 _a" Kotler,Philip"
942 _cBK
999 _c183804
_d183804